Statistics for Countries that were once under British rule

Click here to take the quiz!

General Stats

  • This quiz has been taken 12 times
  • The average score is 40 of 62

Answer Stats

Answer% Correct
Canada
100%
India
100%
South Africa
100%
United States of America
100%
Australia
92%
Botswana
92%
Ireland
92%
Kenya
92%
Tanzania
92%
Barbados
83%
Belize
83%
Guyana
83%
Afghanistan
75%
Antigua and Barbuda
75%
Bahamas
75%
Jamaica
75%
Lesotho
75%
Pakistan
75%
Saint Kitts and Nevis
75%
Saint Lucia
75%
Saint Vincent and the Grenadines
75%
Zambia
75%
Zimbabwe
75%
Dominica
67%
Eswatini
67%
Grenada
67%
Maldives
67%
Malta
67%
Nigeria
67%
South Sudan
67%
Sudan
67%
Cyprus
58%
Egypt
58%
Ghana
58%
Iraq
58%
Israel
58%
Kiribati
58%
Nauru
58%
Solomon Islands
58%
Sri Lanka
58%
Tuvalu
58%
Uganda
58%
Vanuatu
58%
Yemen
58%
Gambia
50%
Jordan
50%
Kuwait
50%
Malawi
50%
Malaysia
50%
Myanmar
50%
Oman
50%
Somalia
50%
Trinidad and Tobago
50%
Bahrain
42%
Fiji
42%
Libya
42%
Mauritius
42%
Qatar
42%
Seychelles
42%
Sierra Leone
42%
Tonga
42%
Brunei
33%

Score Distribution

Percentile by Number Answered

Percent of People with Each Score

Your Score History

You have not taken this quiz